Normal view
MARC view
- Ponce-Cruz, Pedro
Entry Personal Name
001 - CONTROL NUMBER
- control field: 95467
003 - CONTROL NUMBER IDENTIFIER
- control field: NUST
005 - DATE AND TIME OF LATEST TRANSACTION
- control field: 20220727124821.0
008 - FIXED-LENGTH DATA ELEMENTS
- fixed length control field: 220727|| aca||aabn | a|a d
040 ## - CATALOGING SOURCE
- Original cataloging agency: NUST
- Transcribing agency: NUST
100 ## - HEADING--PERSONAL NAME
- Personal name: Ponce-Cruz, Pedro
670 ## - SOURCE DATA FOUND
- Source citation: Work cat.: (NUST)188433: Ponce-Cruz, Pedro., Intelligent control systems with labview /(Include CD) , 2009.
